[Event "Shropshire Chess Congress 2019"]
[Site "Telford"]
[Date "2019.01.06"]
[Round "5"]
[White "Sygnowski, Tomasz"]
[Black "Merry, Alan B"]
[Result "1-0"]
[WhiteElo "2143"]
[BlackElo "2434"]
[Annotator "TA"]
[PlyCount "73"]
[EventDate "2019.01.04"]
[EventType "swiss"]
[EventCountry "GBR"]
[SourceTitle "playchess.com"]
[Source "ChessBase"]
[SourceQuality "1"]

{[%evp 16,73,26,-10,-14,0,-10,0,-6,-23,-23,-15,-22,-22,-22,-19,-9,-21,-16,-15,0,0,28,20,135,135,136,0,0,0,157,129,128,-7,106,77,141,0,0,0,200,206,793,786,716,360,456,429,776,389,29988,29989,29989,29990,2744,2545,29997,29998,29998,29999]} 1. e4 e6 2. d4 d5 3. exd5 exd5 4. Nf3 Nc6 5. Bd3 Bd6 6. O-O Bg4 7. Re1+ Nge7 8. c3 Qd7 9. Na3 {LiveBook: 3 Games. C01: French: Exchange Variation} (9. Nbd2 f6 10. b4 O-O 11. Nf1 Rae8 12. a4 Ng6 13. Ne3 Be6 14. g3 Nce7 15. Ra2 Nf5 16. Ng2 Bf7 17. Rae2 Rxe2 18. Rxe2 Re8 {½-½ (40) Leko,P (2731)-Morozevich,A (2724) Sochi 2014}) 9... Bxa3 $1 10. bxa3 O-O 11. Rb1 {The position is equal.} b6 12. h3 Bf5 13. Bf4 $146 ({Predecessor:} 13. Rb2 Bxd3 14. Qxd3 Rfe8 15. Rbe2 Ng6 16. Rxe8+ Rxe8 17. Rxe8+ Qxe8 {½-½ (57) Dostal,S (1755)-Kepinski,J (2012) ICCF email 2010}) 13... f6 14. Rb2 Bxd3 15. Qxd3 Ng6 16. Bh2 Na5 17. Rbe2 Rf7 18. h4 Nc4 19. h5 Nf8 (19... Ne7 $11 {remains equal.}) 20. Nh4 $1 $16 Qg4 21. Nf5 ({White must play} 21. Qf5 $1 $16 {[%cal Rf5g4]} Qg5 22. Bf4 Qxf5 23. Nxf5) 21... Qxh5 $11 22. Re7 g6 $2 (22... c6 $11) 23. Rxf7 $16 Kxf7 24. Re7+ $1 Kg8 25. Ng7 Qh6 ({Black should try} 25... Qg5) 26. Bxc7 (26. Ne8 $1 $16) 26... Qc1+ $11 {[%mdl 64] Double Attack} ({Don't go for} 26... Nxa3 $2 27. f4 $18) 27. Kh2 Qxa3 $2 (27... Nd2 $11 {and Black is okay.}) 28. Qe2 $1 $18 Qxc3 $2 {[#]} (28... Ne5 29. Rxe5 Rc8) 29. Nf5 $1 {[%cal Bg7f5,Bf5h6,Bh6f7][%mdl 544] White threatens Rg7+ and mate.} Kh8 (29... gxf5 30. Qh5) 30. Qg4 Qc2 31. Nh6 {Qf4 would kill now.} Qxf2 (31... g5 $142 32. Nf7+ Kg8) 32. Bg3 $1 {[%cal Rg3f2]} Qd2 $2 {[#]} (32... Qf1 $18 33. Nf7+ Kg8) 33. Qh4 $1 {[%cal Rh4f6]} g5 34. Nf7+ Kg8 {[#]} 35. Qh6 $1 {[%cal Rh6f6]} Ne3 {[#]} 36. Qxg5+ $1 {[%mdl 512]} Ng6 (36... fxg5 37. Nh6+) 37. Nh6+ {Accuracy: White = 75%, Black = 32%.} 1-0

[Event "Shropshire Chess Congress 2019"]
[Site "Telford"]
[Date "2019.01.06"]
[Round "5"]
[White "Ferrington, Nigel M"]
[Black "Paul, Nathanael"]
[Result "1/2-1/2"]
[WhiteElo "2128"]
[BlackElo "1925"]
[Annotator "NA"]
[PlyCount "117"]
[EventDate "2019.01.04"]
[EventType "swiss"]
[EventCountry "GBR"]
[SourceTitle "playchess.com"]
[Source "ChessBase"]
[SourceQuality "1"]
[TimeControl "5400+30"]

1. e4 {[%emt 0:00:04]} c6 {[%emt 0:00:00]} 2. d4 {[%emt 0:01:13]} d5 {[%emt 0:00:00]} 3. Nd2 {[%emt 0:01:01]} dxe4 {[%emt 0:00:00]} 4. Nxe4 {[%emt 0:00:02]} Bf5 {[%emt 0:00:01]} 5. Ng3 {[%emt 0:00:09]} Bg6 {[%emt 0:00:07]} 6. h4 {[%emt 0:00:04]} h6 {[%emt 0:00:08]} 7. Nf3 {[%emt 0:00:04]} Nd7 {[%emt 0:00:12]} 8. h5 {[%emt 0:00:05]} Bh7 {[%emt 0:00:05]} 9. Bd3 {[%emt 0:00:04]} Bxd3 {[%emt 0:00:07]} 10. Qxd3 {[%emt 0:00:02]} Ngf6 {[%emt 0:00:29]} 11. Bd2 {[%emt 0:00:15]} e6 {[%emt 0:00:14]} 12. O-O-O {[%emt 0:00:13]} Be7 {[%emt 0:00:10]} 13. Kb1 {[%emt 0:00:40]} O-O {[%emt 0:01:40]} 14. Ne4 {[%emt 0:00:43]} Nxe4 {[%emt 0:00:10] B19: Classical Caro-Kann: 4...Bf5 main line} 15. Qxe4 {[%emt 0:00:02]} Nf6 {[%emt 0:00:09]} 16. Qe2 {[%emt 0:00:04]} Qd5 {[%emt 0:01:41]} 17. Rhe1 {[%emt 0:03:28]} b5 $146 {[%emt 0:02:28]} ({Predecessor:} 17... Qb5 18. c4 Qxh5 19. Ka1 Qg4 20. Be3 Rfd8 21. Rh1 Ne4 22. Qc2 {1-0 (40) Negi,P (2669)-Enkhbat,T (2417) Burlingame 2015}) 18. Ne5 {[%emt 0:08:53]} c5 {[%emt 0:02:56]} 19. dxc5 {[%emt 0:15:42]} Qxc5 {[%emt 0:01:06]} 20. Ng6 {[%emt 0:08:51]} fxg6 $16 {[%emt 0:05:07]} (20... Rfe8 $1 $11) 21. Qxe6+ {[%emt 0:00:09]} Kh8 {[%emt 0:00:12]} 22. Qxe7 {[%emt 0:00:29]} Qxe7 {[%emt 0:00:36]} 23. Rxe7 {[%emt 0:00:05]} Nxh5 {[%emt 0:00:23]} 24. Be3 {[%emt 0:01:29]} Rad8 {[%emt 0:04:17]} 25. Red7 {[%emt 0:10:04]} Rxd7 {[%emt 0:01:48]} 26. Rxd7 {[%emt 0:00:02]} a5 {[%emt 0:00:08]} 27. a4 {[%emt 0:05:42]} Nf6 {[%emt 0:05:18]} 28. Ra7 {[%emt 0:01:19]} bxa4 {[%emt 0:04:50]} 29. Bd4 {[%emt 0:02:23]} Rd8 {[%emt 0:00:50]} 30. c3 {[%emt 0:00:37]} Rd5 {[%emt 0:00:45]} 31. Kc2 {[%emt 0:02:43]} h5 {[%emt 0:00:56]} 32. Kd3 {[%emt 0:03:56]} Rb5 {[%emt 0:02:15]} 33. c4 {[%emt 0:00:27]} Rb3+ {[%emt 0:00:28]} 34. Kc2 {[%emt 0:00:33]} Rb4 {[%emt 0:00:51]} 35. Rc7 {[%emt 0:04:24]} g5 {[%emt 0:04:22]} 36. Bc3 {[%emt 0:01:39]} Rb3 {[%emt 0:00:05]} 37. Rc5 {[%emt 0:07:29]} Ne4 {[%emt 0:04:35]} 38. Rxa5 {[%emt 0:02:05]} Nxc3 {[%emt 0:00:07]} 39. bxc3 {[%emt 0:00:23]} Ra3 {[%emt 0:00:03]} 40. Rxg5 {[%emt 0:03:29]} Ra2+ {[%emt 0:00:09]} 41. Kb1 {[%emt 0:00:35]} Rxf2 {[%emt 0:00:25]} 42. Rxh5+ {[%emt 0:00:06]} Kg8 {[%emt 0:00:07]} 43. Rg5 {[%emt 0:00:37]} a3 {[%emt 0:00:25]} 44. Rg3 {[%emt 0:00:44]} Rb2+ {[%emt 0:01:10]} 45. Ka1 {[%emt 0:00:21]} Kf7 {[%emt 0:00:05]} 46. c5 {[%emt 0:00:17]} Rc2 {[%emt 0:05:12]} 47. c6 {[%emt 0:00:37]} Ke6 {[%emt 0:00:07]} 48. c7 {[%emt 0:04:20]} Kd7 {[%emt 0:00:25]} 49. Rxg7+ {[%emt 0:00:07]} Kc8 {[%emt 0:00:05]} 50. g4 {[%emt 0:00:20]} Rxc3 {[%emt 0:00:32]} 51. g5 {[%emt 0:00:04]} Rc2 {[%emt 0:00:36]} 52. Kb1 {[%emt 0:04:24]} Rb2+ {[%emt 0:00:09]} 53. Ka1 {[%emt 0:00:56]} Rc2 {[%emt 0:00:09]} 54. g6 {[%emt 0:00:14]} Rg2 {[%emt 0:00:22]} 55. Rg8+ {[%emt 0:00:43]} Kxc7 {[%emt 0:00:07]} 56. g7 {[%emt 0:00:02]} Kb7 {[%emt 0:00:27]} 57. Rf8 {[%emt 0:01:03]} Rxg7 {[%emt 0:00:17]} 58. Rf3 {[%emt 0:00:35]} Rg2 {[%emt 0:00:16]} 59. Rxa3 1/2-1/2

[Event "Shropshire Chess Congress 2019"]
[Site "Telford"]
[Date "2019.01.06"]
[Round "5"]
[White "Okhai, Shabir"]
[Black "Stewart, Ashley"]
[Result "1/2-1/2"]
[WhiteElo "2073"]
[BlackElo "2122"]
[Annotator "NA"]
[PlyCount "74"]
[EventDate "2019.01.04"]
[EventType "swiss"]
[EventCountry "GBR"]
[SourceTitle "playchess.com"]
[Source "ChessBase"]
[SourceQuality "1"]
[TimeControl "5400+30"]

1. e4 {[%emt 0:03:31]} c5 {[%emt 0:00:00]} 2. Nf3 {[%emt 0:00:05]} g6 {[%emt 0:00:00]} 3. c4 {[%emt 0:01:25]} Nc6 {[%emt 0:00:00]} 4. d4 {[%emt 0:00:08]} cxd4 {[%emt 0:00:00]} 5. Nxd4 {[%emt 0:00:05]} Nf6 {[%emt 0:00:00]} 6. Nc3 {[%emt 0:00:06]} Nxd4 {[%emt 0:00:00]} 7. Qxd4 {[%emt 0:00:05]} d6 {[%emt 0:00:00]} 8. Be2 {[%emt 0:01:47]} Bg7 {[%emt 0:00:07]} 9. Be3 {[%emt 0:00:37]} O-O {[%emt 0:00:15]} 10. Qd2 {[%emt 0:01:03]} a5 {[%emt 0:00:10]} 11. Rd1 {[%emt 0:02:17]} a4 {[%emt 0:07:42]} 12. O-O {[%emt 0:01:23]} Qa5 {[%emt 0:00:38]} 13. f4 {[%emt 0:01:47]} Be6 {[%emt 0:11:09]} 14. Bd4 {[%emt 0:01:52]} Rac8 {[%emt 0:10:37] [#]} 15. b3 $1 {[%emt 0:00:47]} axb3 {[%emt 0:02:11]} 16. axb3 $14 {[%emt 0:00:06]} Qb4 {[%emt 0:09:22]} 17. Nd5 {[%emt 0:18:54]} Qxd2 {[%emt 0:15:46]} 18. Nxf6+ {[%emt 0:00:59]} Bxf6 {[%emt 0:01:49]} 19. Rxd2 {[%emt 0:00:01]} Bxd4+ {[%emt 0:04:46]} 20. Rxd4 {[%emt 0:00:19]} f6 {[%emt 0:00:29]} 21. Ra1 {[%emt 0:04:19]} Ra8 {[%emt 0:02:06]} 22. Rdd1 {[%emt 0:01:28]} f5 {[%emt 0:04:23]} 23. Bf3 {[%emt 0:04:13]} fxe4 {[%emt 0:08:55]} 24. Bxe4 {[%emt 0:01:40]} Rab8 {[%emt 0:01:00]} 25. g3 {[%emt 0:04:22]} b5 {[%emt 0:01:41]} 26. Bd5 {[%emt 0:03:11]} Bxd5 {[%emt 0:00:40]} 27. cxd5 {[%emt 0:00:43]} Ra8 {[%emt 0:02:01]} 28. Rxa8 {[%emt 0:08:35]} Rxa8 {[%emt 0:00:02]} 29. Rd4 {[%emt 0:00:19]} Rc8 {[%emt 0:03:43]} 30. Kg2 {[%emt 0:03:22]} Rc3 {[%emt 0:01:13]} 31. Rb4 {[%emt 0:00:10]} Rc5 {[%emt 0:00:10]} 32. Rd4 {[%emt 0:00:04]} Kf7 {[%emt 0:01:11]} 33. Kh3 {[%emt 0:05:35]} e6 {[%emt 0:04:27]} 34. dxe6+ {[%emt 0:00:10]} Kxe6 {[%emt 0:00:05]} 35. Kg4 {[%emt 0:03:59]} h6 {[%emt 0:01:18]} 36. h3 {[%emt 0:05:52]} Rc3 {[%emt 0:04:04]} 37. Rb4 {[%emt 0:00:55]} Rc5 {[%emt 0:01:12]} 1/2-1/2

[Event "Shropshire Chess Congress 2019"]
[Site "Telford"]
[Date "2019.01.06"]
[Round "5"]
[White "Edge, John"]
[Black "Anderson, Peter"]
[Result "1/2-1/2"]
[WhiteElo "1972"]
[BlackElo "1980"]
[Annotator "NA"]
[PlyCount "57"]
[EventDate "2019.01.04"]
[EventType "swiss"]
[EventCountry "GBR"]
[SourceTitle "playchess.com"]
[Source "ChessBase"]
[SourceQuality "1"]
[TimeControl "5400+30"]

1. e4 {[%emt 0:00:00]} g6 {[%emt 0:00:00]} 2. d4 {[%emt 0:00:00]} Bg7 {[%emt 0:00:00]} 3. Nc3 {[%emt 0:00:07]} d6 {[%emt 0:00:00]} 4. f4 {[%emt 0:01:24]} a6 {[%emt 0:00:00]} 5. Nf3 {[%emt 0:03:44]} b5 {[%emt 0:00:00]} 6. a4 {[%emt 0:10:17] LiveBook: 30 Games} b4 {[%emt 0:00:30]} 7. Nd5 {[%emt 0:01:43]} Bb7 {[%emt 0:00:55]} 8. Nxb4 {[%emt 0:05:03]} Bxe4 {[%emt 0:00:35]} 9. Bd3 {[%emt 0:01:01]} Bb7 {[%emt 0:02:13]} 10. c3 {[%emt 0:08:22]} a5 $11 {[%emt 0:05:38]} 11. Nc2 {[%emt 0:00:45]} Nf6 {[%emt 0:00:09]} 12. O-O {[%emt 0:00:40]} O-O {[%emt 0:00:16]} 13. f5 {[%emt 0:07:05]} Nbd7 {[%emt 0:03:50]} 14. Qe2 {[%emt 0:05:36]} Re8 {[%emt 0:07:09]} 15. Bg5 {[%emt 0:04:11]} Nf8 {[%emt 0:05:50]} 16. Rae1 {[%emt 0:03:52]} Qc8 {[%emt 0:03:05]} 17. fxg6 {[%emt 0:05:49]} hxg6 {[%emt 0:00:08]} 18. Qd2 {[%emt 0:04:03]} Bc6 {[%emt 0:06:41]} 19. Bb5 {[%emt 0:08:40]} Bxb5 {[%emt 0:04:47]} 20. axb5 {[%emt 0:00:07]} Qb7 {[%emt 0:02:09]} 21. Qd3 {[%emt 0:00:39]} c6 {[%emt 0:01:52]} 22. bxc6 {[%emt 0:01:01]} Qxc6 {[%emt 0:00:08]} 23. Re2 {[%emt 0:02:10]} Rab8 {[%emt 0:03:14]} 24. Bxf6 {[%emt 0:03:36]} Bxf6 {[%emt 0:00:16]} 25. Ne3 {[%emt 0:00:27]} Rb7 {[%emt 0:08:35]} 26. Ng4 {[%emt 0:00:28]} Bg7 {[%emt 0:00:08]} 27. Qd2 {[%emt 0:05:12]} f6 {[%emt 0:04:35]} 28. h4 {[%emt 0:02:04]} Qd5 {[%emt 0:03:57]} 29. Rfe1 {[%emt 0:01:40]} 1/2-1/2

[Event "Shropshire Chess Congress 2019"]
[Site "Telford"]
[Date "2019.01.06"]
[Round "5"]
[White "Zabrocki, Philip"]
[Black "Ireland, David J"]
[Result "1-0"]
[WhiteElo "1923"]
[BlackElo "1930"]
[Annotator "NA"]
[PlyCount "61"]
[EventDate "2019.01.04"]
[EventType "swiss"]
[EventCountry "GBR"]
[SourceTitle "playchess.com"]
[Source "ChessBase"]
[SourceQuality "1"]
[TimeControl "5400+30"]

1. e4 {[%emt 0:00:00]} c5 {[%emt 0:03:32]} 2. Nc3 {[%emt 0:00:00]} Nc6 {[%emt 0:00:08]} 3. g3 {[%emt 0:00:00]} g6 {[%emt 0:00:46]} 4. Bg2 {[%emt 0:00:17]} Bg7 {[%emt 0:00:14]} 5. d3 {[%emt 0:00:09]} e6 {[%emt 0:01:01]} 6. Be3 {[%emt 0:00:15]} d6 {[%emt 0:00:56]} 7. Qd2 {[%emt 0:00:13]} Rb8 {[%emt 0:01:26]} 8. f4 {[%emt 0:03:12]} Nge7 {[%emt 0:00:22]} 9. Nf3 {[%emt 0:00:23]} b5 {[%emt 0:00:59]} 10. d4 {[%emt 0:06:39]} b4 {[%emt 0:02:29]} 11. Ne2 {[%emt 0:01:49]} Qb6 {[%emt 0:04:22]} 12. e5 {[%emt 0:05:07]} Nf5 {[%emt 0:11:18]} 13. Bf2 {[%emt 0:04:37]} Ba6 {[%emt 0:08:42]} 14. exd6 {[%emt 0:11:35]} cxd4 {[%emt 0:06:17]} 15. d7+ {[%emt 0:02:57]} Ke7 {[%emt 0:03:26]} 16. Rd1 {[%emt 0:02:39]} Bxe2 {[%emt 0:07:40]} 17. Qxe2 {[%emt 0:00:43]} Rhd8 {[%emt 0:01:59]} 18. g4 {[%emt 0:02:27]} Ne3 {[%emt 0:01:34]} 19. Bxe3 {[%emt 0:00:05]} dxe3 {[%emt 0:00:20]} 20. Qd3 {[%emt 0:00:26]} Kf8 {[%emt 0:02:02]} 21. Ng5 {[%emt 0:01:30]} Bxb2 {[%emt 0:02:46]} 22. Qd6+ {[%emt 0:01:22]} Ne7 {[%emt 0:04:28]} 23. Nxh7+ {[%emt 0:01:47]} Kg7 {[%emt 0:03:38]} 24. Qxe7 {[%emt 0:01:18]} Bc3+ {[%emt 0:02:33]} 25. Ke2 {[%emt 0:00:24]} Kxh7 {[%emt 0:04:59]} 26. Qxf7+ {[%emt 0:00:29]} Bg7 {[%emt 0:05:01]} 27. Be4 {[%emt 0:02:20]} e5 {[%emt 0:01:37]} 28. f5 {[%emt 0:02:37]} Qa6+ {[%emt 0:08:03]} 29. Rd3 {[%emt 0:01:33]} Rb6 {[%emt 0:01:08]} 30. fxg6+ {[%emt 0:00:58]} Kh8 {[%emt 0:01:41]} 31. Qe8+ {[%emt 0:00:08]} 1-0

[Event "Shropshire Chess Congress 2019"]
[Site "Telford"]
[Date "2019.01.06"]
[Round "5"]
[White "Fajfer, Bartosz"]
[Black "Hynes, Anthony M"]
[Result "1/2-1/2"]
[WhiteElo "1921"]
[BlackElo "2093"]
[Annotator "NA"]
[PlyCount "77"]
[EventDate "2019.01.04"]
[EventType "swiss"]
[EventCountry "GBR"]
[SourceTitle "playchess.com"]
[Source "ChessBase"]
[SourceQuality "1"]
[TimeControl "5400+30"]

1. d4 {[%emt 0:02:02]} d5 {[%emt 0:00:00]} 2. c4 {[%emt 0:00:07]} dxc4 {[%emt 0:00:00]} 3. e3 {[%emt 0:00:06]} Nf6 {[%emt 0:00:00]} 4. Bxc4 {[%emt 0:00:16]} e6 {[%emt 0:00:00]} 5. Nf3 {[%emt 0:00:30]} a6 {[%emt 0:00:00]} 6. O-O {[%emt 0:00:27]} b5 {[%emt 0:00:00]} 7. Bb3 {[%emt 0:00:17]} Bb7 {[%emt 0:00:04]} 8. Qe2 {[%emt 0:03:36]} Nbd7 {[%emt 0:01:42]} 9. a4 {[%emt 0:04:59]} c5 {[%emt 0:05:04]} 10. Rd1 {[%emt 0:04:32]} c4 {[%emt 0:00:17]} 11. Bc2 {[%emt 0:00:48]} Be7 {[%emt 0:02:20]} 12. e4 {[%emt 0:06:14]} O-O {[%emt 0:01:38]} 13. Bg5 {[%emt 0:10:55]} h6 $11 {[%emt 0:00:43]} 14. Bh4 {[%emt 0:00:04]} Nb6 {[%emt 0:06:52]} 15. Nbd2 {[%emt 0:17:05]} Bc6 {[%emt 0:12:01]} 16. Ne5 {[%emt 0:02:39]} Bb7 {[%emt 0:01:12]} 17. f3 {[%emt 0:07:09]} Qxd4+ {[%emt 0:00:22]} 18. Bf2 {[%emt 0:00:15]} Qxe5 {[%emt 0:00:04]} 19. Bxb6 {[%emt 0:00:08]} Bc5+ {[%emt 0:01:39]} 20. Bxc5 {[%emt 0:01:16]} Qxc5+ {[%emt 0:00:04]} 21. Kh1 {[%emt 0:00:29]} e5 {[%emt 0:00:47]} 22. Nf1 {[%emt 0:01:32]} Rfd8 {[%emt 0:00:14]} 23. Ne3 {[%emt 0:00:27]} g6 {[%emt 0:00:18]} 24. b3 {[%emt 0:03:44]} c3 {[%emt 0:01:52]} 25. b4 {[%emt 0:06:15]} Qxb4 {[%emt 0:04:35]} 26. Rab1 {[%emt 0:00:17]} Rxd1+ {[%emt 0:00:15]} 27. Nxd1 {[%emt 0:00:32]} Qd4 {[%emt 0:06:26]} 28. axb5 {[%emt 0:00:25]} Qd2 {[%emt 0:00:05]} 29. Qxd2 {[%emt 0:07:49]} cxd2 {[%emt 0:00:05]} 30. bxa6 {[%emt 0:00:59]} Bxa6 {[%emt 0:00:09]} 31. Kg1 {[%emt 0:00:31]} Nd7 {[%emt 0:08:33]} 32. Ne3 {[%emt 0:06:57]} Nc5 {[%emt 0:00:49]} 33. Rd1 {[%emt 0:03:03]} Rd8 {[%emt 0:00:33]} 34. Nd5 {[%emt 0:01:32]} Ne6 {[%emt 0:07:13]} 35. Rxd2 {[%emt 0:00:20]} Nd4 {[%emt 0:00:06]} 36. Bd3 {[%emt 0:00:57]} Bxd3 {[%emt 0:01:09]} 37. Rd1 Ba6 38. Ne3 Ne6 39. Rc1 1/2-1/2

[Event "Shropshire Chess Congress 2019"]
[Site "Telford"]
[Date "2019.01.06"]
[Round "5"]
[White "Ansari, Athar"]
[Black "Hilton, Tim"]
[Result "1/2-1/2"]
[WhiteElo "1893"]
[BlackElo "1781"]
[Annotator "NA"]
[PlyCount "124"]
[EventDate "2019.01.04"]
[EventType "swiss"]
[EventCountry "GBR"]
[SourceTitle "playchess.com"]
[Source "ChessBase"]
[SourceQuality "1"]
[TimeControl "5400+30"]

1. e4 {[%emt 0:00:00]} e6 {[%emt 0:00:00]} 2. d4 {[%emt 0:00:00]} d5 {[%emt 0:00:00]} 3. e5 {[%emt 0:00:15]} c5 {[%emt 0:00:00]} 4. Nf3 {[%emt 0:01:19]} Nc6 {[%emt 0:00:24]} 5. Bd3 {[%emt 0:01:31]} cxd4 {[%emt 0:01:25]} 6. O-O {[%emt 0:00:18]} f6 {[%emt 0:02:05]} 7. Re1 {[%emt 0:01:30]} fxe5 {[%emt 0:01:48]} 8. Nxe5 {[%emt 0:00:05]} Nf6 {[%emt 0:01:33]} 9. Bg5 {[%emt 0:02:03]} Nxe5 {[%emt 0:02:07]} 10. Rxe5 {[%emt 0:00:08]} Bd7 {[%emt 0:03:50]} 11. Bf5 {[%emt 0:04:27]} Bd6 {[%emt 0:01:37]} 12. Re2 {[%emt 0:01:44]} O-O {[%emt 0:01:29]} 13. Bxe6+ {[%emt 0:01:34]} Bxe6 {[%emt 0:00:22]} 14. Rxe6 {[%emt 0:00:11]} Qd7 {[%emt 0:02:40]} 15. Re2 {[%emt 0:00:24]} Rae8 {[%emt 0:06:22]} 16. Bxf6 {[%emt 0:03:28]} Rxf6 {[%emt 0:01:13]} 17. Nd2 {[%emt 0:03:18]} Rfe6 {[%emt 0:01:44]} 18. Rxe6 {[%emt 0:00:38]} Qxe6 {[%emt 0:00:17]} 19. Nf3 {[%emt 0:00:28]} Bc5 {[%emt 0:00:50]} 20. Qd2 {[%emt 0:02:24]} Qe2 {[%emt 0:04:31]} 21. Re1 {[%emt 0:01:39]} Qxd2 {[%emt 0:00:10]} 22. Rxe8+ {[%emt 0:00:21]} Kf7 {[%emt 0:00:03]} 23. Nxd2 {[%emt 0:00:42]} Kxe8 {[%emt 0:00:03]} 24. Kf1 {[%emt 0:01:42]} d3 {[%emt 0:08:16]} 25. cxd3 {[%emt 0:01:13]} Ke7 {[%emt 0:00:11]} 26. Nb3 {[%emt 0:01:01]} Bb6 {[%emt 0:00:42]} 27. Ke2 {[%emt 0:00:27]} a5 {[%emt 0:02:20]} 28. d4 {[%emt 0:00:23]} Kd6 {[%emt 0:00:30]} 29. Kd3 {[%emt 0:02:08]} a4 {[%emt 0:02:16]} 30. Nd2 {[%emt 0:00:16]} Ba5 {[%emt 0:00:50]} 31. Nf3 {[%emt 0:00:49]} b5 {[%emt 0:00:37]} 32. Ng5 {[%emt 0:01:27]} h6 {[%emt 0:00:36]} 33. Nf7+ {[%emt 0:00:06]} Ke6 {[%emt 0:00:40]} 34. Ne5 {[%emt 0:01:06]} Bc7 {[%emt 0:01:06]} 35. f4 {[%emt 0:00:38]} g5 {[%emt 0:00:36]} 36. fxg5 {[%emt 0:01:23]} hxg5 {[%emt 0:02:10]} 37. g3 {[%emt 0:00:31]} Kf5 {[%emt 0:01:22]} 38. a3 {[%emt 0:01:32]} Bd6 {[%emt 0:01:52]} 39. g4+ {[%emt 0:01:27]} Kf4 {[%emt 0:00:30]} 40. Nf7 {[%emt 0:02:56]} Be7 {[%emt 0:00:39]} 41. Ne5 {[%emt 0:00:39]} Bd6 {[%emt 0:00:56]} 42. Nf7 {[%emt 0:03:06]} Be7 {[%emt 0:00:11]} 43. Nh6 {[%emt 0:00:41]} Bf8 {[%emt 0:00:57]} 44. Nf5 {[%emt 0:03:17]} Kxg4 {[%emt 0:00:26]} 45. Ne3+ {[%emt 0:01:26]} Kh3 {[%emt 0:00:08]} 46. Nxd5 {[%emt 0:01:19]} Kxh2 {[%emt 0:00:25]} 47. Ne3 {[%emt 0:00:18]} Kg3 {[%emt 0:00:46]} 48. Ke4 {[%emt 0:00:39]} b4 {[%emt 0:00:24]} 49. axb4 {[%emt 0:00:36]} Bxb4 {[%emt 0:00:14]} 50. d5 {[%emt 0:00:24]} a3 {[%emt 0:00:35]} 51. bxa3 {[%emt 0:00:15]} Bxa3 {[%emt 0:00:03]} 52. Kf5 {[%emt 0:01:43]} Be7 {[%emt 0:04:19]} 53. Nc4 {[%emt 0:00:26]} Kf3 {[%emt 0:01:06]} 54. Ke6 {[%emt 0:00:09]} Bc5 {[%emt 0:01:10]} 55. Kf5 {[%emt 0:00:13]} Be7 {[%emt 0:00:35]} 56. Ne5+ {[%emt 0:00:55]} Ke3 {[%emt 0:00:12]} 57. Ke6 {[%emt 0:00:23]} Bc5 {[%emt 0:01:48]} 58. Nd7 {[%emt 0:01:19]} Bb4 {[%emt 0:02:41]} 59. Kf5 {[%emt 0:00:16]} Kd4 {[%emt 0:00:27]} 60. Nf6 {[%emt 0:00:32]} Be7 {[%emt 0:00:22]} 61. Kxg5 {[%emt 0:00:29]} Bxf6+ {[%emt 0:00:04]} 62. Kxf6 {[%emt 0:00:18]} Kxd5 {Ke5+} 1/2-1/2